000 00557nam a2200193Ia 4500
003 GCL
008 140319s9999 xx 000 0 eng d
040 _aGCL /
_cGCL
082 0 4 _a510.1
_bC T
100 1 _aCARROLL, J .B .
245 1 0 _aTHEORY OF FINITE AUTOMATA: WITH AN INTRODUCTION TO FORMAL LANGUAGES /
_cCARROLL, J .B .
700 1 _aLONG, DARRELL
260 _a[S.N] :
_bPREMTICE HALL INTERNATIONAL, INC ،
_c1989
300 _a438 P
650 0 4 _aAUTOMATION
650 0 4 _aMATHEMATICAL ANALYSIS
650 0 4 _aALGEBRAIC LOGIC
942 _2ddc
_cBK
999 _c25568
_d25568